000
00326nam a2200121Ia 4500
008
220204s9999 xx 000 0 und d
082
_a
37.014.22
_b
ATH
100
_a
Athreya, Venkatesh B
245
0
_a
Literacy and empowerment
260
_a
New Delhi
_b
Sage Publications
_c
1996
700
_a
Sheela Rani, Chunkath
942
_c
BK
999
_c
41306
_d
41306